000 00584nam a2200205Ia 4500
003 OSt
005 20221007112429.0
006 a|||||r|||| 00| 0
007 ta
008 221006b |||||||| |||| 00| 0 eng d
024 _a27,522
037 _cBound Volume
040 _aLCO
_cLCO
_beng
041 _2eng
_aeng
245 0 _aALL INDIA REPORTER DELHI, GOA, GUJRAT, HIMANCHAL PRAD, JAMMU AND KASHMIR, KERALA
260 _aNagpur
_bAll India reporter ltd. India
_c1967
490 _vUNACC 80 -1993
942 _cCR
999 _c1197085
_d1197085